000 00332nam a22001457a 4500
008 221121b ||||| |||| 00| 0 eng d
020 _a9780803623026
041 _aeng
080 _2FOURTH EDITION
_a61
082 _a61
100 _a5
101 _aMJK
245 _aMEDICAL TERMINOLOGY SIMPLIFIED
_cGYLYS A.B
942 _2udc
_cBK
999 _c58982
_d58982